[Event "Catalunya-chT GpB final"]
[Site "Barcelona"]
[Date "2017.04.01"]
[Round "4.3"]
[White "Mestre Bellido, Hector"]
[Black "Valle Maytin, Luis Enrique"]
[Result "1-0"]
[WhiteElo "2290"]
[BlackElo "2306"]
[PlyCount "97"]
[EventDate "2017.03.11"]
[EventType "team-tourn"]
[EventRounds "11"]
[EventCountry "ESP"]
[SourceTitle "EXT 2018"]
[Source "ChessBase"]
[SourceDate "2017.10.13"]
[SourceVersion "1"]
[SourceVersionDate "2017.10.13"]
[SourceQuality "1"]
[WhiteTeam "Foment Martinenc"]
[BlackTeam "Gerunda"]
[WhiteTeamCountry "ESP"]
[BlackTeamCountry "ESP"]

1. Nf3 d5 2. g3 Nf6 3. Bg2 c6 4. 0-0 g6 5. b3 Bg7 6. Bb2 0-0 7. d3 Nbd7 8. Nbd2 Re8 9. c4 e6 10. Qc2 b6 11. cxd5 cxd5 12. Rac1 Ba6 13. Qc6 Nc5 14. Rxc5 Rc8 15. Qa4 Rxc5 16. Qxa6 Ra5 17. Qb7 Re7 18. Qc6 Rc7 19. Nd4 Rxa2 20. Nxe6 Rxc6 21. Nxd8 Rd6 22. Nxf7 Kxf7 23. Bc3 Rc2 24. Bb4 Rd8 25. Nf3 a5 26. Nd4 Ra2 27. Bc3 Rc8 28. Ba1 Rc5 29. Bh3 Ne8 30. e3 Nc7 31. Rb1 Nb5 32. Nxb5 Rxb5 33. Bxg7 Kxg7 34. d4 a4 35. b4 a3 36. Bf1 Rb2 37. Ra1 R5xb4 38. Rxa3 Kf6 39. Rc3 Rd2 40. Rc6+ Kg5 41. h4+ Kg4 42. Ba6 Rb1+ 43. Kg2 Rbb2 44. Rf6 Kh5 45. Bc8 Kh6 46. Be6 Rb5 47. g4 Rd1 48. Rf7 g5 49. h5 1-0

[Event "Catalunya-chT GpB final"]
[Site "Barcelona"]
[Date "2017.03.11"]
[Round "1.4"]
[White "Mestre Bellido, Hector"]
[Black "Fernandez Cazorla, Antonio"]
[Result "1/2-1/2"]
[WhiteElo "2290"]
[BlackElo "2227"]
[PlyCount "118"]
[EventDate "2017.03.11"]
[EventType "team-tourn"]
[EventRounds "11"]
[EventCountry "ESP"]
[SourceTitle "CBM 177 Extra"]
[Source "ChessBase"]
[SourceDate "2017.04.27"]
[SourceVersion "1"]
[SourceVersionDate "2017.04.27"]
[SourceQuality "1"]
[WhiteTeam "Foment Martinenc"]
[BlackTeam "Montcada"]
[WhiteTeamCountry "ESP"]
[BlackTeamCountry "ESP"]

1. c4 e5 2. Nc3 Nf6 3. g3 d5 4. cxd5 Nxd5 5. Bg2 Nb6 6. Nf3 Nc6 7. a3 Be7 8. b4 0-0 9. b5 Nd4 10. Nxe5 Bf6 11. f4 Bxe5 12. fxe5 Qe7 13. e3 Qxe5 14. 0-0 Nxb5 15. Nxb5 Qxb5 16. a4 Qd3 17. a5 Nc4 18. Rf4 Nd6 19. Ba3 Rb8 20. Qc1 Be6 21. Bf1 Qd5 22. Rd4 Qc6 23. Qxc6 bxc6 24. Rc1 Nf5 25. Rd3 Rfd8 26. Rxc6 Rxd3 27. Bxd3 Rb3 28. Rc3 Rxc3 29. dxc3 Nxe3 30. Bc5 Nc4 31. a6 Nb6 32. Kf2 f5 33. Ke3 Kf7 34. Kf4 g6 35. Kg5 h5 36. Bb5 Bc8 37. Bd4 Be6 38. Be5 c5 39. Bb8 Nc8 40. Bc6 Kg7 41. Bb7 Kf7 42. Bf4 Kg7 43. Be3 Nd6 44. Kf4 Ne4 45. Ke5 Kf7 46. Bxe4 fxe4 47. Bxc5 Bc4 48. Bxa7 Bxa6 49. Bc5 e3 50. Bxe3 Ke7 51. Kd5 Kd7 52. Bf4 Bb7+ 53. Ke5 Ba6 54. Kd5 Bb7+ 55. Kc5 Bf3 56. c4 Bg2 57. Kd4 Ke6 58. Kc5 Kd7 59. Kd4 Ke6 1/2-1/2

[Event "Catalunya-chT Gp2"]
[Site "Barcelona"]
[Date "2017.03.04"]
[Round "7.4"]
[White "Vila Gazquez, Xavier"]
[Black "Mestre Bellido, Hector"]
[Result "1-0"]
[WhiteElo "2465"]
[BlackElo "2290"]
[PlyCount "135"]
[EventDate "2017.01.21"]
[EventType "team-tourn"]
[EventRounds "7"]
[EventCountry "ESP"]
[SourceTitle "EXT 2018"]
[Source "ChessBase"]
[SourceDate "2017.10.13"]
[SourceVersion "1"]
[SourceVersionDate "2017.10.13"]
[SourceQuality "1"]
[WhiteTeam "Barbera"]
[BlackTeam "Foment Martinenc"]
[WhiteTeamCountry "ESP"]
[BlackTeamCountry "ESP"]

1. Nf3 Nf6 2. g3 d5 3. Bg2 c6 4. 0-0 Bf5 5. c4 Nbd7 6. cxd5 cxd5 7. Nc3 e5 8. d4 e4 9. Nh4 Be6 10. f3 exf3 11. exf3 Be7 12. f4 Nb6 13. f5 Bd7 14. Qd3 Bc6 15. Bg5 0-0 16. Rae1 h6 17. Bc1 Ne4 18. Nf3 Nxc3 19. bxc3 a6 20. Qe2 Bf6 21. Rf2 Bb5 22. Qc2 Rc8 23. Ne5 Re8 24. Bf4 Na4 25. Re3 Re7 26. Qb3 Nb6 27. Ng4 Rxe3 28. Nxe3 Bc4 29. Qd1 Bg5 30. h4 Bxf4 31. Rxf4 Bxa2 32. f6 g6 33. Ng4 h5 34. Nh6+ Kf8 35. Qa1 Rc6 36. Qxa2 Rxf6 37. Qf2 Rxf4 38. Qxf4 Qe7 39. g4 hxg4 40. Nxg4 Qe1+ 41. Qf1 Qxc3 42. Qf6 Qc1+ 43. Bf1 Qc7 44. Ne5 Kg8 45. Nxf7 Qxf7 46. Qxb6 Kh7 47. Bg2 Qe7 48. Bxd5 Qe1+ 49. Kg2 Qxh4 50. Bxb7 Qg4+ 51. Kf2 Qf4+ 52. Ke2 a5 53. Bf3 Kh6 54. d5 a4 55. Qc5 Qe5+ 56. Kd3 Qf5+ 57. Be4 Qf1+ 58. Kd2 g5 59. Qc6+ Kh5 60. Qxa4 Qf4+ 61. Kd3 Qf8 62. Qd4 Qd6 63. Bf3+ Kg6 64. Be4+ Kh5 65. Qg7 Qa3+ 66. Qc3 Qa6+ 67. Kd2 Qd6 68. Qh3# 1-0

[Event "Catalunya-chT Gp2"]
[Site "Barcelona"]
[Date "2017.02.11"]
[Round "4.3"]
[White "Matnadze, Ana"]
[Black "Mestre Bellido, Hector"]
[Result "1/2-1/2"]
[WhiteElo "2399"]
[BlackElo "2290"]
[PlyCount "54"]
[EventDate "2017.01.21"]
[EventType "team-tourn"]
[EventRounds "7"]
[EventCountry "ESP"]
[SourceTitle "CBM 176 Extra"]
[Source "ChessBase"]
[SourceDate "2017.03.02"]
[SourceVersion "1"]
[SourceVersionDate "2017.03.02"]
[SourceQuality "1"]
[WhiteTeam "Barcelona Escola Escacs"]
[BlackTeam "Foment Martinenc"]
[WhiteTeamCountry "ESP"]
[BlackTeamCountry "ESP"]

1. d4 d5 2. g3 Nf6 3. Bg2 c6 4. Nf3 Bf5 5. c4 h6 6. 0-0 e6 7. Nc3 Bd6 8. cxd5 exd5 9. Ne5 Nbd7 10. Nd3 Qb6 11. Be3 0-0 12. f3 Rfe8 13. Bf2 Qa6 14. Re1 Bxd3 15. Qxd3 Qxd3 16. exd3 Nb6 17. Kf1 Kf8 18. Bh3 Rxe1+ 19. Kxe1 Ne8 20. Kd2 Nc7 21. a3 g6 22. Be3 Kg7 23. Rb1 a5 24. f4 f5 25. Bg2 h5 26. Ne2 Ne6 27. Ng1 h4 1/2-1/2

[Event "Catalunya-chT Gp2"]
[Site "Barcelona"]
[Date "2017.01.21"]
[Round "1.4"]
[White "Mestre Bellido, Hector"]
[Black "Lorenzo de la Riva, Lazaro"]
[Result "1-0"]
[WhiteElo "2290"]
[BlackElo "2373"]
[PlyCount "62"]
[EventDate "2017.01.21"]
[EventType "team-tourn"]
[EventRounds "7"]
[EventCountry "ESP"]
[SourceTitle "CBM 176 Extra"]
[Source "ChessBase"]
[SourceDate "2017.03.02"]
[SourceVersion "1"]
[SourceVersionDate "2017.03.02"]
[SourceQuality "1"]
[WhiteTeam "Foment Martinenc"]
[BlackTeam "Colon Sabadell"]
[WhiteTeamCountry "ESP"]
[BlackTeamCountry "ESP"]

1. Nf3 Nf6 2. c4 e6 3. g3 b6 4. Bg2 Bb7 5. d4 g6 6. Bf4 Bg7 7. Nc3 0-0 8. Qd2 Ne4 9. Nxe4 Bxe4 10. Bh6 Qe7 11. 0-0 d6 12. Qe3 Bb7 13. h4 Nd7 14. h5 Rae8 15. hxg6 fxg6 16. Bxg7 Kxg7 17. Ng5 Bxg2 18. Kxg2 Rf5 19. f4 e5 20. dxe5 dxe5 21. Qc3 Nf6 22. Rae1 exf4 23. gxf4 Kg8 24. e4 Ra5 25. a3 Nh5 26. Nh3 Rc5 27. e5 Qe6 28. Re4 Qc6 29. Qd3 b5 30. cxb5 Rxb5 31. Rf2 Kg7 1-0

[Event "Badalona op 42nd"]
[Site "Badalona"]
[Date "2016.08.05"]
[Round "4"]
[White "Mestre Bellido, Hector"]
[Black "Gomez Garrido, Camilo Ernesto"]
[Result "0-1"]
[WhiteElo "2302"]
[BlackElo "2560"]
[PlyCount "60"]
[EventDate "2016.08.02"]
[EventType "swiss"]
[EventRounds "9"]
[EventCountry "ESP"]
[SourceTitle "CBM 173 Extra"]
[Source "ChessBase"]
[SourceDate "2016.08.29"]
[SourceVersion "1"]
[SourceVersionDate "2016.08.29"]
[SourceQuality "1"]

1. Nf3 c5 2. g3 g6 3. Bg2 Bg7 4. c4 Nc6 5. Nc3 Nh6 6. h4 Nf5 7. h5 b6 8. g4 Nd6 9. d3 Bb7 10. Bf4 Nd4 11. e3 Ne6 12. Bg3 a6 13. Qb3 b5 14. Bxd6 exd6 15. cxb5 0-0 16. bxa6 Bxa6 17. Nd2 Rb8 18. Qc2 Re8 19. Nde4 d5 20. Nd6 Nf4 21. 0-0-0 Nxg2 22. Nxe8 Qxe8 23. Rh2 Nxe3 24. fxe3 Qxe3+ 25. Kb1 Qd4 26. Re2 Be5 27. Ka1 d6 28. hxg6 hxg6 29. Qa4 Qxc3 30. Qxa6 Rxb2 0-1

[Event "Catalunya-chT Gp1"]
[Site "Barcelona"]
[Date "2016.02.06"]
[Round "3.4"]
[White "Mestre Bellido, Hector"]
[Black "Ibanez Tarradellas, Eduardo"]
[Result "1/2-1/2"]
[WhiteElo "2288"]
[BlackElo "2200"]
[PlyCount "76"]
[EventDate "2016.01.23"]
[EventType "team-tourn"]
[EventRounds "7"]
[EventCountry "ESP"]
[SourceTitle "CBM 170 Extra"]
[Source "ChessBase"]
[SourceDate "2016.02.25"]
[SourceVersion "1"]
[SourceVersionDate "2016.02.25"]
[SourceQuality "1"]
[WhiteTeam "Foment Martinenc"]
[BlackTeam "Figueres"]
[WhiteTeamCountry "ESP"]
[BlackTeamCountry "ESP"]

1. Nf3 d5 2. g3 Nc6 3. d4 Bf5 4. Bg2 Nb4 5. Na3 e6 6. c3 Na6 7. Qb3 Qc8 8. 0-0 Be7 9. Ne5 Nf6 10. f3 h6 11. e4 Bh7 12. exd5 exd5 13. Ng4 c6 14. Nxf6+ Bxf6 15. Re1+ Kf8 16. Bf4 g5 17. Be5 Kg7 18. f4 Qd7 19. Bxf6+ Kxf6 20. fxg5+ hxg5 21. Re5 Rae8 22. Rf1+ Kg6 23. Qc2+ Kh6 24. Qf2 f5 25. h4 Qg7 26. Rfe1 Nc7 27. Nc2 Rxe5 28. dxe5 gxh4 29. gxh4 Ne6 30. Kh2 Qg4 31. Nd4 Qf4+ 32. Qxf4+ Nxf4 33. Bh3 Nd3 34. Re2 Re8 35. e6 Nf4 36. Re5 Nd3 37. Re2 Nf4 38. Re5 Nd3 1/2-1/2

[Event "Catalunya-chT Gp1"]
[Site "Barcelona"]
[Date "2015.02.21"]
[Round "5.3"]
[White "Mestre Bellido, Hector"]
[Black "Gallart Zafra, Jaume"]
[Result "0-1"]
[WhiteElo "2295"]
[BlackElo "2231"]
[PlyCount "74"]
[EventDate "2015.01.24"]
[EventType "team-tourn"]
[EventRounds "7"]
[EventCountry "ESP"]
[SourceTitle "EXT 2016"]
[Source "ChessBase"]
[SourceDate "2015.10.08"]
[SourceVersion "1"]
[SourceVersionDate "2015.10.08"]
[SourceQuality "1"]
[WhiteTeam "Barcelona Escola Escacs"]
[BlackTeam "Tres Peons"]
[WhiteTeamCountry "ESP"]
[BlackTeamCountry "ESP"]

1. Nf3 g6 2. e4 Bg7 3. d4 c5 4. c3 cxd4 5. cxd4 d5 6. e5 Nh6 7. Qb3 0-0 8. Nc3 Nc6 9. Bf4 Kh8 10. Rd1 Bg4 11. Qxb7 Bxf3 12. gxf3 Rc8 13. Bb5 Rc7 14. Qa6 Nb8 15. Qa5 e6 16. h4 Nf5 17. h5 Kg8 18. Ke2 Rb7 19. Qxd8 Rxd8 20. hxg6 fxg6 21. Rd2 Rc8 22. Ba4 Rb4 23. Be3 Rxc3 24. bxc3 Rxa4 25. Rb1 Nd7 26. Rb7 Nb6 27. Rb8+ Bf8 28. Rb2 Kf7 29. Rb7+ Kg8 30. Bg5 h5 31. Kd3 Ra3 32. f4 h4 33. f3 Na4 34. Rc2 a5 35. Rb3 Kf7 36. c4 dxc4+ 37. Rxc4 Nb2+ 0-1

[Event "La Pobla de Lillet op 24th"]
[Site "La Pobla de Lillet"]
[Date "2014.08.08"]
[Round "7"]
[White "Macaya Ruiz, Alfonso"]
[Black "Mestre Bellido, Hector"]
[Result "0-1"]
[WhiteElo "2117"]
[BlackElo "2299"]
[PlyCount "76"]
[EventDate "2014.08.02"]
[EventType "swiss"]
[EventRounds "9"]
[EventCountry "ESP"]
[SourceTitle "EXT 2017"]
[Source "ChessBase"]
[SourceDate "2016.10.25"]
[SourceVersion "1"]
[SourceVersionDate "2016.10.25"]
[SourceQuality "1"]

1. d4 b6 2. c4 Bb7 3. Nc3 e6 4. a3 Nf6 5. Qc2 c5 6. d5 exd5 7. cxd5 Nxd5 8. Qe4+ Qe7 9. Qf3 Qe5 10. g3 Bc6 11. Qe4 Qxe4 12. Nxe4 Nc7 13. f3 d5 14. Bf4 dxe4 15. Bxc7 Na6 16. Be5 0-0-0 17. Bh3+ Kb7 18. Bg2 f6 19. Bf4 Bd6 20. Bxd6 Rxd6 21. fxe4 Re8 22. Rd1 Rxd1+ 23. Kxd1 c4 24. Nh3 Bxe4 25. Bxe4+ Rxe4 26. Rf1 Nc5 27. Rf4 Kc6 28. Kd2 Nb3+ 29. Kd1 Kd5 30. Rxe4 Kxe4 31. Kc2 Nd4+ 32. Kc3 Nxe2+ 33. Kxc4 Kf3 34. Kb5 Kg2 35. Ka6 Kxh3 36. Kxa7 b5 37. Kb6 f5 38. Kxb5 Nxg3 0-1